Statistics for Warriors all time leaders

Click here to take the quiz!

General Stats

  • This quiz has been taken 24 times
  • The average score is 8 of 29

Answer Stats

Player% Correct
Steph Curry
100%
Draymond Green
96%
Klay Thompson
96%
Wilt Chamberlain
91%
Chris Mullin
65%
Rick Barry
52%
Monta Ellis
35%
Tim Hardaway
35%
Nate Thurmond
30%
Paul Arizin
30%
Clyde Lee
26%
Larry Smith
13%
Latrell Sprewell
13%
Al Attles
9%
Erick Dampier
9%
George Johnson
9%
Jeff Mullins
9%
Joe Barry Carroll
9%
Neil Johnston
9%
Sleepy Floyd
9%
Adonal Foyle
4%
Andris Biedrins
4%
Clifford Ray
4%
Guy Rodgers
4%
Joe Graboski
4%
Manute Bol
4%
Purvis Short
4%
Robert Parish
4%
Sonny Walker
0%

Score Distribution

Percentile by Number Answered

Percent of People with Each Score

Your Score History

You have not taken this quiz